000 01576cam a22004694i 4500
003 PE-LiUPU
005 20250731173534.0
008 150616s1996 miu rb 000 0 eng d
020 _a0801029856
035 _a(Sirsi) i9780801029851
040 _aPE-LiUPU
_bspa
_cPE-LiUPU
_erda
049 _aPRUA
082 0 4 _a253.702
_bD95
_221
100 1 _aDowney, Murray W.,
_eautor.
245 1 4 _aThe art of soul-winning /
_cMurray W. Downey.
264 1 _aGrand Rapids :
_bBaker Book House,
_c1996.
300 _a196 páginas ;
_c22 centímetros
336 _atext
_2rdacontent
337 _aunmediated
_2rdamedia
338 _avolume
_2rdacarrier
504 _aBibliografía: páginas 195-196.
505 0 _aPreparation for soul-winning -- Participation in soul-winning -- Presentation of the faith vs cults.
526 _aSEG42
526 _aSEG41
526 _aSEG40
526 _aSEG39
526 _aP94
526 _aP87
526 _aP86
526 _aP85
526 _aP77
526 _aP76
526 _aP35
650 1 4 _aEvangelismo.
_9953
910 _ajck
_bjvq
_cjck
942 _2ddc
_cBOOK
949 _a253.702 D95
_wDEWEY
_c1
_i42355
_lCCODEBUL1
_mBUL
_r0
_sY
_tBOOK
_u2015-6-16
_xTEOLOGIA
_zUNKNOWN
_0COMPRA
_o.STAFF. Colección General
994 _aC0
_bPEPRU
596 _a1
999 _a253.702 D95
_wDEWEY
_c60189
_i42355
_f2021-11-12
_g5
_lCCODEBUL1
_mBUL
_p70.00
_r0
_sY
_tBOOK
_u2015-6-16
_xTEOLOGIA
_PP35
_0COMPRA
_o.STAFF. Colección Teología
_d60189
980 _81
_gALBERTO SANCHEZ Responsable de Automatización